LEADER 00954nam a2200205 i 4500 001 000000226220 003 CaOOAMICUS 005 20140115000000.0 008 140115s1930 it u000 u mul u 013 $a205122 040 $aSeMil$bita 100 1 $aViaud, Prosper.$0(OLS)http://semarc/name/78482 245 10$aQoubeibeh Emmaus Evangelique :$betude archéologique de son Eglise et de la maison qu'elle enclave /$cR. P. Prosper M. Viaud. 260 $aJerusalem :$bTypographie de Saint-Sauveur,$c1930. 300 $a35 p., [4] p. di tav. ;$c25 cm. 650 4$aEmmaus.$0(OLS)http://semarc/subject/40838 850 $aSeMil 852 $aSeMil$W1$xVenegono$y1$m2W IV 13$j176566$B176566$CSeMilBibl$Z2$F187254 $81 996 $6245$aQoubeibeh Emmaus Evangelique :$betude archéologique de son Eglise et de la maison qu'elle enclave$9(OLS)http://semarc/title/323896 996 $6260$aJerusalem :$bTypographie de Saint-Sauveur$9(OLS)http://semarc/publisher/53466 LEADER 01149nam a2200265 i 4500 001 000000132300 003 CaOOAMICUS 005 20260320100511.0 008 041206s1984 it u000 u ita u 013 $a105243 040 $aSeMil$bita 245 13$aIl fondo di mistica fascista /$ccatalogo a cura della Biblioteca Civica. 260 $aS. Vittore Olona :$bLa Tipotecnica,$ccopyr. 1984. 300 $a231 p. ;$c21 cm. 490 0 $aCataloghi ;$v2 500 $aIn testa al front. : Comune di Varese. 650 4$aFascismo - Bibliografia.$0(OLS)http://semarc/subject/39154 650 4$aVarese - Biblioteca civica - Fondo di mistica fascista - Cataloghi.$0(OLS)http://semarc/subject/26047 710 0 $aBiblioteca Civica di Varese.$0(OLS)http://semarc/name/47161 830 0$aCataloghi ;$v2.$0(OLS)http://semarc/title/11587 850 $aSeMil 852 $aSeMil$W1$xVenegono$y1$m3Y II 51$j259102$B86217$CSeMilBibl$Z2$F89989 $81 996 $6245$aIl fondo di mistica fascista$9(OLS)http://semarc/title/194396 996 $6260$aS. Vittore Olona :$bLa Tipotecnica$9(OLS)http://semarc/publisher/32378